Polyfunkčná obytná štruktúra s prevládajúcou funkcoiu bývania, revitalizácia Zimného prístavu v Bratislave

Na minha lista:
Detalhes bibliográficos
Autor principal: Kríženecká, Ivana, 1986- (Author)
Outros Autores: Malovaný, Marián, 1945- (Thesis advisor)
Formato: Manuscrito Livro
Idioma:eslovaco
Publicado em: Bratislava : STU v Bratislave FA, 2010
Assuntos:
Acesso em linha:VAIS
Tags: Adicionar Tag
Sem tags, seja o primeiro a adicionar uma tag!

MARC

LEADER 00000ntm a22000003a 4500
001 stu218333
005 20220301085045.9
008 101203s2010----xo------------------slo-d
040 |a STU  |b slo 
041 0 |a slo 
044 |a xo 
100 1 |a Kríženecká, Ivana,  |d 1986-  |4 aut  |u A  |T FAD Fakulta architektúry  |X 15345  |U A  |Y 50  |7 A000015345 
242 0 0 |a zimny pristav  |y eng 
245 1 |a Polyfunkčná obytná štruktúra s prevládajúcou funkcoiu bývania, revitalizácia Zimného prístavu v Bratislave 
260 |a Bratislava :  |b STU v Bratislave FA,  |c 2010 
650 7 |a architektúra  |2 stusub 
650 7 |a architecture  |2 estusub 
650 7 |a water  |2 estusub 
650 7 |a voda  |2 stusub 
650 7 |a polyfunkčná budova  |2 stusub 
650 7 |a Zimný prístav  |2 stusub 
700 1 |a Malovaný, Marián,  |d 1945-  |4 ths  |u A1110  |U FAD Fakulta architektúry  |T FA Ústav architektúry obytných budov  |X 4186  |U A1110  |Y 392  |7 A000004186 
856 4 |a info a plný text  |u http://is.stuba.sk/zp/portal_zp.pl?podrobnosti=62860  |3 VAIS  |u https://opac.crzp.sk/?fn=detailBiblioForm&sid=74DC020A23E61A164076E004B91F